[Event "Yangon op"]
[Site "Yangon"]
[Date "2015.11.26"]
[Round "8"]
[White "Zaw, Oo"]
[Black "Wint, Thu"]
[Result "1/2-1/2"]
[WhiteElo "2251"]
[BlackElo "2077"]
[PlyCount "100"]
[EventDate "2015.11.23"]
[EventType "swiss"]
[EventRounds "9"]
[EventCountry "MYA"]
[SourceTitle "CBM 169 Extra"]
[Source "ChessBase"]
[SourceDate "2015.12.18"]
[SourceVersion "1"]
[SourceVersionDate "2015.12.18"]
[SourceQuality "1"]

1. d4 Nf6 2. Nf3 e6 3. c4 b6 4. g3 Bb7 5. Bg2 Be7 6. 0-0 0-0 7. Nc3 d6 8. Re1 Nbd7 9. e4 e5 10. b3 Re8 11. Bb2 Bf8 12. Qc2 c6 13. Rad1 Qc7 14. Qb1 a6 15. a3 g6 16. d5 c5 17. Nh4 Nh5 18. Bc1 Qd8 19. Bf1 Be7 20. Ng2 Bc8 21. b4 Nf8 22. bxc5 bxc5 23. Be2 Ng7 24. Bd2 Bd7 25. Qc2 Qc7 26. Rb1 Reb8 27. Rec1 f5 28. f3 Rxb1 29. Rxb1 Rb8 30. Rb3 Ne8 31. Ne1 Nf6 32. Nd3 fxe4 33. fxe4 Bg4 34. Bf1 Bc8 35. Qb2 Rxb3 36. Qxb3 N8d7 37. Bh3 Bd8 38. Bg5 Nf8 39. Bg2 Bd7 40. h3 Kg7 41. Bd2 h6 42. Kh2 N8h7 43. Qb2 Ne8 44. Nd1 Ng5 45. N1f2 Kh7 46. Qb3 Ng7 47. Qb2 Nf7 48. Qb3 Ng5 49. Qb2 Nf7 50. Qb3 Ng5 1/2-1/2

[Event "Yangon op"]
[Site "Yangon"]
[Date "2015.11.25"]
[Round "5"]
[White "Htay, Min Lwin"]
[Black "Zaw, Oo"]
[Result "1/2-1/2"]
[WhiteElo "2160"]
[BlackElo "2251"]
[PlyCount "148"]
[EventDate "2015.11.23"]
[EventType "swiss"]
[EventRounds "9"]
[EventCountry "MYA"]
[SourceTitle "CBM 169 Extra"]
[Source "ChessBase"]
[SourceDate "2015.12.18"]
[SourceVersion "1"]
[SourceVersionDate "2015.12.18"]
[SourceQuality "1"]

1. c4 Nf6 2. Nc3 g6 3. e4 d6 4. d4 Bg7 5. Be2 0-0 6. Nf3 e5 7. dxe5 dxe5 8. Bg5 Nbd7 9. 0-0 h6 10. Bd2 Nc5 11. Qc1 Kh7 12. Rd1 Qe7 13. Qc2 c6 14. h3 Nh5 15. Nh2 Nf4 16. Bf1 Nce6 17. Qc1 g5 18. g3 Ng6 19. Ng4 Nd4 20. Ne3 Be6 21. g4 Rad8 22. Nf5 Qf6 23. Be3 Rd7 24. Kh1 Rfd8 25. Rd2 Bf8 26. Ne2 Bc5 27. Qc3 Nxe2 28. Bxe2 Rxd2 29. Bxd2 Bxf5 30. exf5 Nf4 31. Bxf4 gxf4 32. Rf1 Qh4 33. Qf3 Rd2 34. Kg2 Rxb2 35. Qd3 Bd4 36. f6+ Kh8 37. Qf5 Qg5 38. Qc8+ Qg8 39. Qxg8+ Kxg8 40. Kf3 c5 41. Bd3 Rb6 42. Be4 Rxf6 43. Bxb7 Rb6 44. Bd5 Rb2 45. a4 Kg7 46. h4 Kf6 47. Bc6 a5 48. Bd5 Rb4 49. Rg1 Rb3+ 50. Kg2 Rb2 51. Rf1 Ra2 52. Bc6 Rb2 53. Kf3 Rb3+ 54. Ke4 Rb2 55. f3 Rd2 56. g5+ hxg5 57. hxg5+ Kxg5 58. Kd5 Kf6 59. Kd6 Be3+ 60. Kc7 Rc2 61. Bd5 Ra2 62. Bc6 e4 63. Bxe4 Rxa4 64. Bd5 Ra2 65. Kb6 a4 66. Kb5 Bd4 67. Rh1 a3 68. Ka4 Kg5 69. Kb3 Rb2+ 70. Kxa3 f6 71. Rh7 Rb8 72. Rg7+ Kf5 73. Rg8 Rxg8 74. Bxg8 Ke5 1/2-1/2

[Event "Yangon Zaw Win Lay Memorial"]
[Site "Yangon"]
[Date "2014.11.28"]
[Round "7"]
[White "Short, Nigel D"]
[Black "Zaw, Oo"]
[Result "1-0"]
[WhiteElo "2661"]
[BlackElo "2259"]
[PlyCount "119"]
[EventDate "2014.11.24"]
[EventType "swiss"]
[EventRounds "9"]
[EventCountry "MYA"]
[SourceTitle "EXT 2016"]
[Source "ChessBase"]
[SourceDate "2015.10.08"]
[SourceVersion "1"]
[SourceVersionDate "2015.10.08"]
[SourceQuality "1"]

1. c4 Nf6 2. Nc3 g6 3. g3 Bg7 4. Bg2 0-0 5. e4 d6 6. Nge2 c5 7. d4 cxd4 8. Nxd4 Nc6 9. Nxc6 bxc6 10. e5 dxe5 11. Qxd8 Rxd8 12. Bxc6 Rb8 13. 0-0 Be6 14. b3 Rd3 15. Na4 Rc8 16. Bb7 Rc7 17. Bg2 Rd8 18. Bb2 Nd7 19. Rad1 Rb8 20. Ba3 Bf8 21. Rfe1 f6 22. Nc3 a6 23. Nd5 Bxd5 24. Rxd5 e6 25. Bd6 Bxd6 26. Rxd6 Nc5 27. Red1 Kf7 28. Rd8 Rxd8 29. Rxd8 Rd7 30. Rxd7+ Nxd7 31. b4 Ke7 32. c5 Kd8 33. Bf1 a5 34. c6 Nb6 35. bxa5 Nc8 36. Bc4 Na7 37. Bxe6 Nxc6 38. a6 Kc7 39. Bg8 h6 40. Bf7 g5 41. Bd5 Na7 42. g4 Kb6 43. Bc4 Nc6 44. Kg2 Nd4 45. Bd3 Ka7 46. Kg3 Kb6 47. h4 Ka7 48. h5 Kb6 49. Kg2 Ka7 50. Kf1 Kb6 51. Ke1 Ka7 52. Kd2 Kb6 53. Kc3 Ne6 54. Kd2 Nd4 55. Kc3 Ne6 56. Kc4 Nf4 57. Be4 Nh3 58. f3 Nf4 59. a7 Kxa7 60. Kc5 1-0

[Event "Yangon Zaw Win Lay Memorial"]
[Site "Yangon"]
[Date "2014.11.28"]
[Round "7"]
[White "Zaw, Oo"]
[Black "Sajjapornthep, Jarunpol"]
[Result "0-1"]
[WhiteElo "2259"]
[BlackElo "1880"]
[PlyCount "112"]
[EventDate "2014.11.24"]
[EventType "swiss"]
[EventRounds "9"]
[EventCountry "MYA"]
[SourceTitle "EXT 2016"]
[Source "ChessBase"]
[SourceDate "2015.10.08"]
[SourceVersion "1"]
[SourceVersionDate "2015.10.08"]
[SourceQuality "1"]

1. e4 e5 2. Nf3 Nc6 3. d4 exd4 4. Nxd4 Bc5 5. Nxc6 bxc6 6. Bd3 Qf6 7. 0-0 Ne7 8. Nd2 0-0 9. Nf3 Ng6 10. h3 d6 11. Nh2 Nf4 12. Qf3 Nxd3 13. Qxf6 gxf6 14. cxd3 Ba6 15. Rd1 Bd4 16. Nf3 c5 17. Nxd4 cxd4 18. b4 Rab8 19. a3 Rfc8 20. Bf4 Kf8 21. Kf1 Ke7 22. Ke2 Ke6 23. Rac1 f5 24. Kf3 fxe4+ 25. Kxe4 Bb7+ 26. Kxd4 Bxg2 27. h4 Kd7 28. Rg1 Rg8 29. Bg5 Bh3 30. Rg3 Be6 31. Rf3 Rg6 32. Be3 Rg4+ 33. Rf4 Rbg8 34. Kc3 Rxf4 35. Bxf4 Rg4 36. Bg5 Rg2 37. Rc2 a6 38. Kd4 Rg1 39. Rc1 Rxc1 40. Bxc1 Kc6 41. a4 Kb6 42. a5+ Kb5 43. Bd2 Bf5 44. f4 h5 45. Be1 Ka4 46. Kc4 Be6+ 47. Kd4 Kb3 48. Ke4 f5+ 49. Kd4 Kc2 50. Bf2 Kd2 51. Be3+ Ke2 52. Bc1 Kf3 53. Bd2 Kg3 54. Be1+ Kxf4 55. Bd2+ Kg3 56. Bg5 f4 0-1

[Event "Yangon Zaw Win Lay Memorial"]
[Site "Yangon"]
[Date "2014.11.26"]
[Round "6"]
[White "Zaw, Oo"]
[Black "Nay, Oo Kyaw Tun"]
[Result "1/2-1/2"]
[WhiteElo "2259"]
[BlackElo "2280"]
[PlyCount "27"]
[EventDate "2014.11.24"]
[EventType "swiss"]
[EventRounds "9"]
[EventCountry "MYA"]
[SourceTitle "EXT 2016"]
[Source "ChessBase"]
[SourceDate "2015.10.08"]
[SourceVersion "1"]
[SourceVersionDate "2015.10.08"]
[SourceQuality "1"]

1. d4 d5 2. c4 c6 3. Nf3 Nf6 4. cxd5 cxd5 5. Nc3 Nc6 6. Bf4 a6 7. e3 Bf5 8. Bd3 Bxd3 9. Qxd3 e6 10. 0-0 Bd6 11. Bg3 Bxg3 12. hxg3 0-0 13. a3 b5 14. b4 1/2-1/2

[Event "Yangon Zaw Win Lay Memorial"]
[Site "Yangon"]
[Date "2014.11.25"]
[Round "4"]
[White "Vakhidov, Jahongir"]
[Black "Zaw, Oo"]
[Result "1/2-1/2"]
[WhiteElo "2502"]
[BlackElo "2259"]
[PlyCount "72"]
[EventDate "2014.11.24"]
[EventType "swiss"]
[EventRounds "9"]
[EventCountry "MYA"]
[SourceTitle "EXT 2016"]
[Source "ChessBase"]
[SourceDate "2015.10.08"]
[SourceVersion "1"]
[SourceVersionDate "2015.10.08"]
[SourceQuality "1"]

1. d4 Nf6 2. Nf3 g6 3. c4 Bg7 4. g3 0-0 5. Bg2 d5 6. cxd5 Nxd5 7. 0-0 Nb6 8. Nc3 Nc6 9. e3 Bg4 10. h3 Bd7 11. Qc2 e5 12. dxe5 Qc8 13. Kh2 Nxe5 14. Nxe5 Bxe5 15. b3 c6 16. Ba3 Re8 17. Rad1 Bg7 18. Qc1 f5 19. Rfe1 Be6 20. e4 Rd8 21. exf5 Rxd1 22. Qxd1 Bxf5 23. Ne4 Bxe4 24. Bxe4 Qd7 25. Qxd7 Nxd7 26. Kg2 Bf8 27. Bb2 Kf7 28. Rd1 Nb6 29. h4 Be7 30. h5 Bf6 31. hxg6+ hxg6 32. Bxf6 Kxf6 33. Kf3 Rf8 34. Ke3 Rg8 35. Rh1 Rg7 36. Rh8 g5 1/2-1/2

[Event "Incheon op 4th"]
[Site "Incheon"]
[Date "2013.07.02"]
[Round "4"]
[White "Zaw, Oo"]
[Black "Mohammad, Samir"]
[Result "1/2-1/2"]
[WhiteElo "2258"]
[BlackElo "2362"]
[PlyCount "72"]
[EventDate "2013.06.30"]
[EventType "swiss"]
[EventRounds "7"]
[EventCountry "KOR"]
[SourceTitle "CBM 155 Extra"]
[Source "ChessBase"]
[SourceDate "2013.08.26"]
[SourceVersion "1"]
[SourceVersionDate "2013.08.26"]
[SourceQuality "1"]

1. d4 d5 2. c4 dxc4 3. Nf3 Nf6 4. e3 e6 5. Bxc4 c5 6. 0-0 a6 7. dxc5 Qxd1 8. Rxd1 Bxc5 9. a3 b5 10. Be2 Bb7 11. b4 Be7 12. Bb2 Nbd7 13. Nbd2 0-0 14. Rac1 Rac8 15. Nb3 Rxc1 16. Rxc1 Rc8 17. Rxc8+ Bxc8 18. Ne5 Nxe5 19. Bxe5 Nd7 20. Bb2 Bf6 21. Bxf6 gxf6 22. Kf1 Kf8 23. Ke1 Ke7 24. Na5 Kd6 25. f4 f5 26. Kd2 f6 27. g3 Nb6 28. Bd1 Nd5 29. Bb3 Nb6 30. Kd3 e5 31. Bg8 h6 32. Bb3 Nd7 33. Kc3 Nb6 34. Kd3 Nd7 35. Kc3 Nb6 36. Kd3 Nd7 1/2-1/2

[Event "Incheon op 4th"]
[Site "Incheon"]
[Date "2013.07.01"]
[Round "2"]
[White "Zaw, Oo"]
[Black "Celis, Joel Chang"]
[Result "1-0"]
[WhiteElo "2258"]
[BlackElo "1876"]
[PlyCount "63"]
[EventDate "2013.06.30"]
[EventType "swiss"]
[EventRounds "7"]
[EventCountry "KOR"]
[SourceTitle "CBM 155 Extra"]
[Source "ChessBase"]
[SourceDate "2013.08.26"]
[SourceVersion "1"]
[SourceVersionDate "2013.08.26"]
[SourceQuality "1"]

1. e4 c5 2. Nf3 Nc6 3. d4 cxd4 4. Nxd4 g6 5. Be3 Bg7 6. Nc3 Nf6 7. Bc4 d6 8. Bb3 Ng4 9. Nxc6 bxc6 10. Bg5 h6 11. Bh4 0-0 12. 0-0 Ne5 13. f4 Nd7 14. Re1 Nc5 15. e5 d5 16. Bf2 Nxb3 17. axb3 Qc7 18. Na4 f6 19. e6 Rb8 20. Qg4 Rb4 21. Qxg6 Qxf4 22. Nc5 Qg5 23. Qxg5 fxg5 24. c3 Rb5 25. Rxa7 Rxf2 26. Kxf2 Rxc5 27. Rxe7 Kf8 28. Rf7+ Kg8 29. Rc7 Bxe6 30. Rxe6 d4 31. Rg6 Rf5+ 32. Ke2 1-0

[Event "ASEAN-ch"]
[Site "Yangon"]
[Date "2012.10.27"]
[Round "9"]
[White "Zaw, Oo"]
[Black "Paciencia, Enrique Rivas"]
[Result "1-0"]
[WhiteElo "2274"]
[BlackElo "2402"]
[PlyCount "91"]
[EventDate "2012.10.23"]
[EventType "tourn"]
[EventRounds "9"]
[EventCountry "MYA"]
[EventCategory "3"]
[SourceTitle "EXT 2013"]
[Source "ChessBase"]
[SourceDate "2012.11.22"]
[SourceVersion "1"]
[SourceVersionDate "2012.11.22"]
[SourceQuality "1"]

1. d4 Nf6 2. Nf3 e6 3. c4 c5 4. d5 exd5 5. cxd5 d6 6. Nc3 g6 7. e4 Bg7 8. Be2 a6 9. a4 0-0 10. 0-0 Bg4 11. h3 Bxf3 12. Bxf3 Nbd7 13. Bf4 Qe7 14. Re1 Rfe8 15. a5 Rab8 16. Qc2 Ne5 17. Be2 Nfd7 18. Bg3 g5 19. Nd1 Ng6 20. Bg4 Nde5 21. Be2 Nf4 22. Ra4 Neg6 23. Ne3 Bd4 24. Bf3 Qf6 25. Nf5 b5 26. axb6 Rxb6 27. b3 h5 28. Qd1 Bc3 29. Re3 h4 30. Bh2 Reb8 31. Nh6+ Kh7 32. e5 Bxe5 33. Ng4 Qg7 34. Be4 Kh8 35. Bxg6 Nxg6 36. Nxe5 Nxe5 37. f4 gxf4 38. Bxf4 Ng6 39. Bg5 Rb4 40. Rxa6 Rd4 41. Qh5+ Qh7 42. Bf6+ Kg8 43. Qxh7+ Kxh7 44. Bxd4 cxd4 45. Rd3 Nf4 46. Rf3 1-0

[Event "ASEAN-ch"]
[Site "Yangon"]
[Date "2012.10.25"]
[Round "6"]
[White "Myint, Han"]
[Black "Zaw, Oo"]
[Result "1-0"]
[WhiteElo "2222"]
[BlackElo "2274"]
[PlyCount "107"]
[EventDate "2012.10.23"]
[EventType "tourn"]
[EventRounds "9"]
[EventCountry "MYA"]
[EventCategory "3"]
[SourceTitle "EXT 2013"]
[Source "ChessBase"]
[SourceDate "2012.11.22"]
[SourceVersion "1"]
[SourceVersionDate "2012.11.22"]
[SourceQuality "1"]

1. e4 e5 2. Nf3 Nc6 3. Bb5 a6 4. Ba4 Nf6 5. 0-0 b5 6. Bb3 Be7 7. Re1 d6 8. h3 0-0 9. c3 Nb8 10. d4 Nbd7 11. Nbd2 Bb7 12. Bc2 Re8 13. Nf1 Bf8 14. Ng3 g6 15. a4 c5 16. dxe5 dxe5 17. Qe2 c4 18. Be3 Nc5 19. Nd2 Qc7 20. Rec1 Bg7 21. f3 Nfd7 22. a5 Nf8 23. b3 cxb3 24. Nxb3 Nfe6 25. Nxc5 Nxc5 26. c4 bxc4 27. Qxc4 Ne6 28. Qxc7 Nxc7 29. Ba4 Nb5 30. Rab1 Bf8 31. Ne2 Rec8 32. Rxc8 Rxc8 33. Bxb5 axb5 34. Rxb5 Ba6 35. Rb2 Ba3 36. Ra2 Bb4 37. Kf2 f5 38. exf5 gxf5 39. Bb6 f4 40. g3 fxg3+ 41. Nxg3 Rc1 42. Be3 Bc5 43. Bxc5 Rxc5 44. Ne4 Rc6 45. Rb2 Bd3 46. Ke3 Bxe4 47. Kxe4 Rc4+ 48. Kxe5 Ra4 49. Rb5 Kf7 50. Kd6 Ra3 51. Kc6 Rxf3 52. a6 Rxh3 53. a7 Ra3 54. Kb6 1-0

[Event "ASEAN-ch"]
[Site "Yangon"]
[Date "2012.10.24"]
[Round "3"]
[White "Sie, Thu"]
[Black "Zaw, Oo"]
[Result "1-0"]
[WhiteElo "2258"]
[BlackElo "2274"]
[PlyCount "43"]
[EventDate "2012.10.23"]
[EventType "tourn"]
[EventRounds "9"]
[EventCountry "MYA"]
[EventCategory "3"]
[SourceTitle "EXT 2013"]
[Source "ChessBase"]
[SourceDate "2012.11.22"]
[SourceVersion "1"]
[SourceVersionDate "2012.11.22"]
[SourceQuality "1"]

1. e4 c5 2. Nc3 Nc6 3. g3 g6 4. Bg2 Bg7 5. Nge2 e6 6. d3 d6 7. 0-0 Nge7 8. Nf4 0-0 9. h4 a6 10. h5 Rb8 11. hxg6 hxg6 12. Nh3 Bd7 13. Bg5 Re8 14. Qg4 f6 15. Qh4 fxg5 16. Nxg5 Ne5 17. Qh7+ Kf8 18. Bh3 Ng8 19. f4 Nc6 20. Qxg6 Nh6 21. f5 Ne5 22. fxe6+ 1-0

[Event "Vung Tau Dragon Capital op"]
[Site "Vung Tau"]
[Date "2008.09.01"]
[Round "9"]
[White "Tran, Ngoc Lan"]
[Black "Zaw, Oo"]
[Result "1/2-1/2"]
[WhiteElo "2123"]
[BlackElo "2485"]
[PlyCount "104"]
[EventDate "2008.08.27"]
[EventType "swiss"]
[EventRounds "9"]
[EventCountry "VIE"]
[SourceTitle "CBM 126 Extra"]
[Source "ChessBase"]
[SourceDate "2008.11.05"]
[SourceVersion "1"]
[SourceVersionDate "2008.11.05"]
[SourceQuality "1"]

1. e4 c5 2. Nc3 Nc6 3. g3 g6 4. Bg2 Bg7 5. d3 d6 6. Be3 e6 7. Qd2 Nd4 8. Nge2 Ne7 9. 0-0-0 Qa5 10. Kb1 Nxe2 11. Nxe2 Qxd2 12. Rxd2 Nc6 13. d4 cxd4 14. Nxd4 Nxd4 15. Bxd4 e5 16. Bc3 Bf8 17. Bb4 Bg4 18. f3 Be6 19. Rhd1 0-0-0 20. Bxd6 Bxd6 21. Rxd6 Rxd6 22. Rxd6 g5 23. Kc1 h5 24. Kd2 h4 25. g4 Rd8 26. Rxd8+ Kxd8 27. Bf1 Kc7 28. Kc3 f6 29. Bc4 Bd7 30. Kb4 Kb6 31. Bd5 a5+ 32. Kc3 Bb5 33. Bc4 Bd7 34. a3 Kc5 35. b4+ axb4+ 36. axb4+ Kd6 37. Kb3 b6 38. Bd5 Bb5 39. c4 Bd7 40. Bf7 Ke7 41. Bg8 Kd6 42. Bd5 Be8 43. Bb7 Bd7 44. Ba6 Be8 45. Bc8 Kc7 46. Be6 Kd6 47. Bf5 Bf7 48. Kc3 Be8 49. Bh7 Bf7 50. h3 Kc6 51. Bf5 Kd6 52. Bc8 Be8 1/2-1/2

[Event "Vung Tau Dragon Capital op"]
[Site "Vung Tau"]
[Date "2008.08.29"]
[Round "4"]
[White "Zaw, Oo"]
[Black "Pham Thi Ngoc, Tu"]
[Result "1-0"]
[WhiteElo "2485"]
[BlackElo "2065"]
[PlyCount "89"]
[EventDate "2008.08.27"]
[EventType "swiss"]
[EventRounds "9"]
[EventCountry "VIE"]
[SourceTitle "CBM 126 Extra"]
[Source "ChessBase"]
[SourceDate "2008.11.05"]
[SourceVersion "1"]
[SourceVersionDate "2008.11.05"]
[SourceQuality "1"]

1. e4 e6 2. d4 d5 3. Nd2 Nf6 4. e5 Nfd7 5. Bd3 c5 6. c3 Nc6 7. Ne2 Qb6 8. Nf3 cxd4 9. cxd4 f6 10. exf6 Nxf6 11. 0-0 Bd6 12. b3 0-0 13. Bb2 Bd7 14. Ne5 Bxe5 15. dxe5 Ng4 16. Nd4 Ncxe5 17. Bc2 Nf6 18. Re1 Nf7 19. Nf3 Nd6 20. Bd4 Qa5 21. Ng5 Rae8 22. Bxf6 Rxf6 23. Nxh7 Rh6 24. Ng5 e5 25. b4 Qb5 26. a4 Qc6 27. b5 Qc5 28. Rc1 Nc4 29. Bb3 Be6 30. Qe2 Rc8 31. Bxc4 dxc4 32. Qxe5 Qxe5 33. Rxe5 Bf7 34. Re7 Bd5 35. Rd7 Be6 36. Rxb7 c3 37. Re7 Bb3 38. Rxc3 Rd8 39. h3 Bxa4 40. Kh2 Rg6 41. Ne6 Rb8 42. f4 Bxb5 43. f5 Rf6 44. Rxg7+ Kh8 45. Rcc7 1-0

[Event "SEA Games op 22nd"]
[Site "Ho Chi Minh City"]
[Date "2003.12.13"]
[Round "9"]
[White "Chan, Peng Kong"]
[Black "Zaw, Oo"]
[Result "1/2-1/2"]
[WhiteElo "2344"]
[BlackElo "2452"]
[PlyCount "71"]
[EventDate "2003.12.08"]
[EventType "swiss"]
[EventRounds "9"]
[EventCountry "VIE"]
[SourceTitle "CBM 097 Extra"]
[Source "ChessBase"]
[SourceDate "2004.01.13"]
[SourceVersion "1"]
[SourceVersionDate "2004.01.13"]
[SourceQuality "1"]

1. d4 Nf6 2. c4 e6 3. Nf3 b6 4. g3 Ba6 5. b3 Bb7 6. Bg2 Bb4+ 7. Bd2 a5 8. 0-0 0-0 9. Nc3 d6 10. Qc2 Nbd7 11. Rfe1 Bxc3 12. Bxc3 Be4 13. Qc1 Qb8 14. Bf1 a4 15. Nd2 axb3 16. axb3 Rxa1 17. Bxa1 Bb7 18. e4 c5 19. d5 e5 20. f4 Re8 21. Bd3 Qd8 22. Nf3 Bc8 23. Bc3 h6 24. Qb2 Qc7 25. Kg2 Nh7 26. Ra1 Bb7 27. Nh4 Nhf8 28. Nf3 Ng6 29. h4 f6 30. f5 Ngf8 31. g4 Ra8 32. Rh1 Nh7 33. Kg3 Bc8 34. Ra1 Qb8 35. Bd2 Ra7 36. Be2 1/2-1/2

[Event "SEA Games op 22nd"]
[Site "Ho Chi Minh City"]
[Date "2003.12.11"]
[Round "6"]
[White "Zaw, Oo"]
[Black "Antonio, Rogelio Jr"]
[Result "1/2-1/2"]
[WhiteElo "2452"]
[BlackElo "2521"]
[PlyCount "101"]
[EventDate "2003.12.08"]
[EventType "swiss"]
[EventRounds "9"]
[EventCountry "VIE"]
[SourceTitle "CBM 097 Extra"]
[Source "ChessBase"]
[SourceDate "2004.01.13"]
[SourceVersion "1"]
[SourceVersionDate "2004.01.13"]
[SourceQuality "1"]

1. e4 c6 2. d4 d5 3. e5 c5 4. dxc5 e6 5. Be3 Qc7 6. Nf3 Bxc5 7. Bxc5 Qxc5 8. c3 Nc6 9. Bd3 Nge7 10. b4 Qb6 11. b5 Na5 12. 0-0 Bd7 13. Nbd2 Rc8 14. Rc1 Ng6 15. Re1 0-0 16. h4 h6 17. g3 Rc5 18. h5 Ne7 19. Nd4 Rfc8 20. Qf3 Qc7 21. Re3 Nc4 22. Bxc4 dxc4 23. Rce1 Nf5 24. Nxf5 exf5 25. Qf4 Rxb5 26. Nf3 Rb2 27. Nd4 Re8 28. a3 Ra2 29. Nxf5 Bxf5 30. Qxf5 Qc6 31. Rf3 Qd5 32. Re4 Rd2 33. Ref4 Rxe5 34. Qxf7+ Qxf7 35. Rxf7 Rd3 36. R3f4 b5 37. Rxa7 Rxh5 38. a4 Rxc3 39. axb5 Rxb5 40. Rc7 Rc1+ 41. Kg2 c3 42. Rfc4 Rf5 43. Rxc3 Rxc3 44. Rxc3 Kh7 45. Rc6 Rf8 46. Rd6 h5 47. Re6 g6 48. f4 Rf5 49. Re7+ Kh6 50. Rd7 Ra5 51. Rd3 1/2-1/2

[Event "SEA Games op 22nd"]
[Site "Ho Chi Minh City"]
[Date "2003.12.09"]
[Round "3"]
[White "Torre, Eugenio"]
[Black "Zaw, Oo"]
[Result "1-0"]
[WhiteElo "2520"]
[BlackElo "2452"]
[PlyCount "77"]
[EventDate "2003.12.08"]
[EventType "swiss"]
[EventRounds "9"]
[EventCountry "VIE"]
[SourceTitle "CBM 097 Extra"]
[Source "ChessBase"]
[SourceDate "2004.01.13"]
[SourceVersion "1"]
[SourceVersionDate "2004.01.13"]
[SourceQuality "1"]

1. d4 g6 2. e4 Bg7 3. c3 d6 4. Bg5 h6 5. Bh4 Nf6 6. Nd2 e5 7. Ngf3 Qe7 8. Bd3 Nbd7 9. 0-0 g5 10. Bg3 Nh5 11. Nc4 Nf4 12. Re1 0-0 13. Bf1 Re8 14. Ne3 Nf8 15. dxe5 dxe5 16. Nd2 c6 17. Qc2 Be6 18. Ndc4 Qc7 19. b4 N8g6 20. f3 Bf8 21. Bf2 Rad8 22. a4 h5 23. a5 g4 24. fxg4 hxg4 25. Nf5 c5 26. b5 Qb8 27. Nce3 Rd7 28. Nxg4 Qd8 29. Rad1 Qg5 30. Rxd7 Bxd7 31. h3 Rd8 32. g3 Bxf5 33. exf5 Rd2 34. Qe4 Rxf2 35. Kxf2 c4 36. fxg6 Bc5+ 37. Ne3 Qf6 38. gxf4 exf4 39. Qe8+ 1-0

[Event "SEA Games op 22nd"]
[Site "Ho Chi Minh City"]
[Date "2003.12.09"]
[Round "2"]
[White "Yap, Choow Tun"]
[Black "Zaw, Oo"]
[Result "0-1"]
[WhiteElo "2054"]
[BlackElo "2452"]
[PlyCount "84"]
[EventDate "2003.12.08"]
[EventType "swiss"]
[EventRounds "9"]
[EventCountry "VIE"]
[SourceTitle "CBM 097 Extra"]
[Source "ChessBase"]
[SourceDate "2004.01.13"]
[SourceVersion "1"]
[SourceVersionDate "2004.01.13"]
[SourceQuality "1"]

1. e4 c5 2. Nf3 Nc6 3. d4 cxd4 4. Nxd4 Qc7 5. Nc3 e6 6. Be3 a6 7. Qd2 Nf6 8. f3 Bb4 9. 0-0-0 Ne5 10. Bf4 d6 11. Nb3 Ke7 12. Bg5 Bxc3 13. Qxc3 Qxc3 14. bxc3 h6 15. Bf4 Rd8 16. Be2 Nc6 17. Be3 b5 18. c4 bxc4 19. Bxc4 Bd7 20. Rd2 Rdc8 21. Be2 a5 22. a3 e5 23. Kd1 a4 24. Nc1 Na5 25. Ke1 Nc4 26. Bxc4 Rxc4 27. Na2 Rac8 28. Nb4 Rc3 29. Kf2 Rxa3 30. Rhd1 Rc4 31. Rxd6 Rcc3 32. Rxd7+ Nxd7 33. Nd5+ Ke6 34. Nxc3 Rxc3 35. Rc1 f5 36. exf5+ Kxf5 37. g4+ Ke6 38. Ke2 Nf6 39. Kd2 Nd5 40. Re1 Rxe3 41. Rxe3 Nxe3 42. Kxe3 a3 0-1

[Event "SEA Games op 22nd"]
[Site "Ho Chi Minh City"]
[Date "2003.12.08"]
[Round "1"]
[White "Zaw, Oo"]
[Black "Leong, Luke"]
[Result "1-0"]
[WhiteElo "2452"]
[BlackElo "2263"]
[PlyCount "125"]
[EventDate "2003.12.08"]
[EventType "swiss"]
[EventRounds "9"]
[EventCountry "VIE"]
[SourceTitle "CBM 097 Extra"]
[Source "ChessBase"]
[SourceDate "2004.01.13"]
[SourceVersion "1"]
[SourceVersionDate "2004.01.13"]
[SourceQuality "1"]

1. e4 c6 2. d4 d5 3. e5 Bf5 4. c3 e6 5. Be3 Nd7 6. Nd2 Ne7 7. f4 h5 8. Be2 h4 9. Ngf3 Ng6 10. Qb3 Qb6 11. a4 a5 12. Qxb6 Nxb6 13. Kf2 Be7 14. Rhc1 0-0 15. Ne1 Rfc8 16. Bd3 Bxd3 17. Nxd3 Nc4 18. Nxc4 dxc4 19. Ne1 f5 20. Nf3 Kf7 21. Nd2 b5 22. Kf3 Nf8 23. Ra2 Nd7 24. Raa1 Bd8 25. b3 cxb3 26. Nxb3 Rab8 27. Nd2 Kf8 28. Rcb1 Ra8 29. c4 Nb6 30. axb5 cxb5 31. Rxb5 Nxc4 32. Nxc4 Rxc4 33. Ke2 Rac8 34. Rc5 Ke8 35. Ra2 R4xc5 36. dxc5 Kd7 37. Rd2+ Ke8 38. Rd6 Be7 39. Rxe6 Kf7 40. Ra6 Bxc5 41. Rxa5 Bxe3 42. Kxe3 Rc2 43. Ra7+ Kf8 44. Ra8+ Kf7 45. Ra7+ Kf8 46. Ra8+ Kf7 47. Rh8 Rxg2 48. Rxh4 g5 49. Kf3 Rg1 50. fxg5 Rxg5 51. Kf4 Kg6 52. e6 Rg1 53. Ke5 Re1+ 54. Kd6 Rd1+ 55. Ke7 Ra1 56. Rd4 f4 57. Kd6 f3 58. e7 Re1 59. Rf4 Rd1+ 60. Ke6 Re1+ 61. Kd7 Rd1+ 62. Ke8 Ra1 63. Kf8 1-0

[Event "Yangon schev"]
[Site "Yangon"]
[Date "1999.02.11"]
[Round "12"]
[White "Sharavdorj, Dashzeveg"]
[Black "Zaw, Oo"]
[Result "1-0"]
[WhiteElo "2431"]
[BlackElo "2440"]
[PlyCount "69"]
[EventDate "1999.01.??"]
[EventType "schev"]
[EventRounds "14"]
[EventCountry "BUR"]
[SourceTitle "EXT 2000"]
[Source "ChessBase"]
[SourceDate "1999.11.16"]
[SourceVersion "1"]
[SourceVersionDate "1999.11.16"]
[SourceQuality "1"]

1. Nf3 Nf6 2. c4 g6 3. Nc3 Bg7 4. e4 d6 5. d4 0-0 6. Be2 e5 7. 0-0 Na6 8. Be3 Ng4 9. Bg5 Qe8 10. dxe5 dxe5 11. h3 h6 12. Bd2 Nf6 13. Be3 Kh7 14. Nd2 Be6 15. a3 Nb8 16. Nd5 Qd7 17. Qb3 c6 18. Nxf6+ Bxf6 19. Rfd1 Qc7 20. Qc3 c5 21. b4 cxb4 22. axb4 Nc6 23. Nb3 Rad8 24. Rd5 Qc8 25. Rxd8 Rxd8 26. Bf1 Nd4 27. Nc5 a6 28. Nxe6 Qxe6 29. Ra5 Qe8 30. Rd5 Rxd5 31. exd5 b5 32. c5 Bg5 33. Bxg5 hxg5 34. c6 Qd8 35. c7 1-0

[Event "Yangon schev"]
[Site "Yangon"]
[Date "1999.02.10"]
[Round "11"]
[White "Zaw, Oo"]
[Black "Aung Aung, Aung Myo Hlaing"]
[Result "1/2-1/2"]
[WhiteElo "2440"]
[BlackElo "2500"]
[PlyCount "22"]
[EventDate "1999.01.??"]
[EventType "schev"]
[EventRounds "14"]
[EventCountry "BUR"]
[SourceTitle "EXT 2000"]
[Source "ChessBase"]
[SourceDate "1999.11.16"]
[SourceVersion "1"]
[SourceVersionDate "1999.11.16"]
[SourceQuality "1"]

1. e4 c5 2. Nf3 b6 3. c4 Bb7 4. Nc3 Nc6 5. d4 cxd4 6. Nxd4 g6 7. Be3 Bg7 8. Be2 d6 9. 0-0 Nf6 10. f4 0-0 11. Bf3 Rc8 1/2-1/2

[Event "Yangon schev"]
[Site "Yangon"]
[Date "1999.02.09"]
[Round "10"]
[White "Zaw, Win Lay"]
[Black "Zaw, Oo"]
[Result "1-0"]
[WhiteElo "2565"]
[BlackElo "2440"]
[PlyCount "47"]
[EventDate "1999.01.??"]
[EventType "schev"]
[EventRounds "14"]
[EventCountry "BUR"]
[SourceTitle "EXT 2000"]
[Source "ChessBase"]
[SourceDate "1999.11.16"]
[SourceVersion "1"]
[SourceVersionDate "1999.11.16"]
[SourceQuality "1"]

1. e4 e5 2. Nf3 Nc6 3. Bb5 a6 4. Ba4 Nf6 5. 0-0 Be7 6. Re1 b5 7. Bb3 d6 8. c3 0-0 9. h3 Na5 10. Bc2 c5 11. d4 Qc7 12. Nbd2 Rd8 13. Nf1 d5 14. dxe5 dxe4 15. N1d2 exf3 16. exf6 Bxf6 17. Qxf3 Bd7 18. Ne4 Be7 19. Bf4 Qc8 20. Qg3 Nc6 21. Bh6 g6 22. Nd6 Bxd6 23. Qxd6 Be6 24. Qxc5 1-0